Ekonomické a sociálne aspekty zdravotnej politiky SR a ich vplyv na pôsobenie subjektov v zdravotníctve diplomová práca

Salvato in:
Dettagli Bibliografici
Autore principale: Popelková, Denisa
Ente Autore: Obchodná fakulta EU. Katedra služieb a cestovného ruchu - zrušené
Altri autori: Pavlík, Adrián
Natura: Libro
Lingua:slovacco
Pubblicazione: Bratislava 2009
Tags: Aggiungi Tag
Nessun Tag, puoi essere il primo ad aggiungerne!!

MARC

LEADER 00000nam$a2200000$$$4500
001 0099445
005 20240318140123.4
041 0 |a slo 
044 |a SK 
245 1 0 |a Ekonomické a sociálne aspekty zdravotnej politiky SR a ich vplyv na pôsobenie subjektov v zdravotníctve  |b diplomová práca  |c Denisa Popelková ; škol. Adrián Pavlík 
264 1 |a Bratislava  |c 2009 
300 |a 100 s. 
100 1 |a Popelková, Denisa 
700 1 |a Pavlík, Adrián 
710 2 |a Obchodná fakulta EU. Katedra služieb a cestovného ruchu - zrušené